La provocación del estado de necesidad en derecho penal (provocación de situaciones de riesgo en el tráfico automovilístico y otros estados de conflicto) (Record no. 150390)

MARC details
000 -LEADER
fixed length control field nam a22 7a 4500
005 - DATE AND TIME OF LATEST TRANSACTION
control field 20190814151132.0
008 - FIXED-LENGTH DATA ELEMENTS--GENERAL INFORMATION
fixed length control field 190814b xxu||||| |||| 00| 0 eng d
020 ## - INTERNATIONAL STANDARD BOOK NUMBER
International Standard Book Number 848444466
050 ## - LIBRARY OF CONGRESS CALL NUMBER
Classification number KKT3857
Item number R67 2002
100 1# - MAIN ENTRY--PERSONAL NAME
Personal name Ropero Carrasco, Julia,
Relator term autor
245 13 - TITLE STATEMENT
Title La provocación del estado de necesidad en derecho penal (provocación de situaciones de riesgo en el tráfico automovilístico y otros estados de conflicto)
Statement of responsibility, etc / Julia Ropero Carrasco ; dirigido por Carlos María Romeo Casabona.
250 ## - EDITION STATEMENT
Edition statement 1a ed.
260 ## - PUBLICATION, DISTRIBUTION, ETC. (IMPRINT)
Place of publication, distribution, etc Granada :
Name of publisher, distributor, etc Comares,
Date of publication, distribution, etc 2002
300 ## - PHYSICAL DESCRIPTION
Extent xxvii, 614 p. ;
Dimensions 22 cm.
490 0# - SERIES STATEMENT
Series statement Estudios de derecho penal ;
Volume number/sequential designation 35
504 ## - BIBLIOGRAPHY, ETC. NOTE
Bibliography, etc Bibliografía : p. 597-614
650 #7 - SUBJECT ADDED ENTRY--TOPICAL TERM
Source of heading or term lemb
Topical term or geographic name as entry element Derecho penal
Geographic subdivision España
650 #7 - SUBJECT ADDED ENTRY--TOPICAL TERM
Topical term or geographic name as entry element Estado de necesidad
Geographic subdivision España
700 1# - ADDED ENTRY--PERSONAL NAME
Personal name Romeo Casabona, Carlos María,
Relator term dirigido
942 ## - ADDED ENTRY ELEMENTS (KOHA)
Source of classification or shelving scheme Biblioteca del Cogreso de los Estados Unidos
Koha item type Libro
Holdings
Estado de pérdida Fuente de clasificación Estado del daño No para préstamo Ubicación permanente Ubicación actual Apartado o colección Fecha de adquisición Edición Dependencia de educación superior (DES) Área del conocimiento Clasificación Código de Barras Date last seen Número de copia Costo por reposición Tipo de recurso
  Biblioteca del Cogreso de los Estados Unidos     Biblioteca del Posgrado en Derecho Biblioteca del Posgrado en Derecho General 14/08/2019 1a ed. Derecho Ciencias Sociales y Administrativas KKT3857 R67 2002 BPD000000747 14/08/2019 1 1.00 Libro